00622nam a2200217Ia 4500003000400000005001700004008004100021020001900062040000700081041000800088082001300096100002300109245003200132260002000164300000900184650002000193700002700213942001300240999001900253952013200272OSt20251211125522.0250729s2003 xx 000 0 und d a978-8196173647 cAL aeng a954 HEBH aHebbar V R9226764 aHistory of india(1206-1856) aMangalorec2003 a456p aHistory9226765 aRao Digumurthi9226766 2ddccBED c237414d237414 00104070aALbALd2025-07-29eSchool Book Companyg100.00l0o954 HEBHpBED02733r2025-07-29 16:55:42v100.00w2025-07-29yBK